| 000 | 00692nam a2200265Ia 4500 | ||
|---|---|---|---|
| 001 | Para_1838 | ||
| 003 | CHAP | ||
| 008 | 220125s1993 xx 000 0 und d | ||
| 010 | _a200485 | ||
| 040 | _cCHAP | ||
| 082 | _aPA 635.93362 L3 | ||
| 100 |
_aLarson, Roy A. _964991 |
||
| 245 |
_aProduction of florist azaleas / _c Roy A. Larson |
||
| 260 |
_aPortland, Oregon : _b Timber Press |
||
| 300 | _a136 p. | ||
| 440 |
_aGrowers handbook series, V.6 _9165363 |
||
| 650 |
_aAzalea _99089 |
||
| 901 | _aPA 635.93362 L3 | ||
| 902 | _aA | ||
| 905 | _a0000001993 a 0000000000 00 | ||
| 910 | _a1993 | ||
| 942 | _cPARA | ||
| 942 |
_cPARA _d1 |
||
| 999 |
_c200485 _d200485 |
||